[Event "EU-Cup 18th"]
[Site "Kallithea"]
[Date "2002.09.27"]
[Round "6.1"]
[White "Atalik, Suat"]
[Black "Berndt, Stephan"]
[Result "1-0"]
[WhiteElo "2551"]
[BlackElo "2482"]
[Annotator "Atalik,S"]
[PlyCount "117"]
[EventDate "2002.09.22"]
[EventType "team-swiss"]
[EventRounds "7"]
[EventCountry "GRE"]
[SourceTitle "CBM 092"]
[Source "ChessBase"]
[SourceDate "2003.02.06"]
[SourceVersion "1"]
[SourceVersionDate "2003.02.06"]
[SourceQuality "1"]
[WhiteTeam "Sarajevo Napredak"]
[BlackTeam "Berlin SF"]
[WhiteTeamCountry "BIH"]
[BlackTeamCountry "GER"]

1. d4 Nf6 2. c4 g6 3. Nc3 d5 4. cxd5 Nxd5 5. e4 Nxc3 6. bxc3 Bg7 7. Bc4 c5 8.
Ne2 Nc6 9. Be3 cxd4 10. cxd4 Qa5+ 11. Bd2 Qd8 {A line once championed by
Svidler and Dvoirys.} 12. d5 Ne5 13. Bc3 O-O 14. Bb3 Qb6 15. f4 {Kramnik's
move which casts a doubt on the whole line.} Nd7 $5 $146 {This is a
recommendation of Ftacnik. Krasenkow,M: 'This line was examined in detail by
GM L.Ftacnik in CBM66 (annotations to Kramnik-Svidler). The text move was
recommended by Ftacnik. However, it's not sufficient for equality as White
maintains a strong, well-protected pawn centre.'} (15... Ng4 16. Bd4 Qa5+ (
16... Bxd4 17. Qxd4 Qxd4 18. Nxd4 Rd8 19. Ke2 e5 20. h3 exd4 21. hxg4 Bxg4+ 22.
Kd3) 17. Qd2 Qxd2+ 18. Kxd2 e5 $2 19. h3 $1 exd4 20. hxg4 g5 21. g3 $1 Bxg4 (
21... d3 22. Nc3) 22. e5 Bxe2 23. Kxe2 $16 {Kramnik-Svidler,Dortmund 1998.})
16. Bxg7 $1 {After 40 minutes of thought.} Kxg7 17. Rc1 {This is a pawn
sacrifice in reality.White prevents black from setting up a knight on c5.} (17.
Qd4+ Qxd4 18. Nxd4 Nc5 $11 {Ftacnik,L}) 17... Nf6 $5 ({IM Berndt does not go
for the pawn.} 17... Qb4+ 18. Qd2 Qxe4 19. O-O Qf5 $8 20. Ng3 Qf6 21. Rfe1 {
I was opting for this position.Black is pretty much paralysed.} Rd8 22. Kh1 $1
b6 $140 $6 23. Rc6 Qh4 24. Qd4+ Kg8 25. d6 e6 26. Rxe6 $1 Nc5 27. Re7 Be6 28.
Rxe6 Nxe6 29. Bxe6 fxe6 30. Rc7 Qh6 31. Ne4 $18) (17... Rd8 $5 18. Rc4 $5 $14 (
18. Qd4+ Qxd4 19. Nxd4 Nf6 $11 {[%csl Re4]} (19... b6 20. Rc7 $16))) 18. e5
Qb4+ $1 {Pretty well calculated. Krasenkow,M: 'This just loses time.'} (18...
Ne4 $5 19. Qd4 Qa5+ 20. Kf1 (20. Nc3 Bf5 21. O-O Qc5 22. Ne2 Qxd4+ 23. Nxd4 Nd2
$14) 20... Nd2+ 21. Kf2 Bg4 $5 $14) 19. Kf2 $1 {King marches! Krasenkow,M:
'The white king boldly moves towards the centre, totally controlled by White.'}
(19. Qd2 $6 Qxd2+ 20. Kxd2 Nxd5 21. Bxd5 Rd8) (19. Kf1 $6 Ne4 20. Qd4 Qxd4 21.
Nxd4 Nd2+ 22. Kf2 Rd8 23. Rhd1 Nxb3 24. Nxb3 (24. axb3 Bg4 25. Rd2 Rac8 26.
Rxc8 Rxc8 27. h3 Bd7 $11) 24... Bg4 25. Rd2 Rac8 $132) 19... Ne4+ {Finally
black is about to cover c line with the knight.} ({After} 19... Ng4+ 20. Kf3
Nh6 21. h3 (21. Qd4 Qb5 22. Ng3 $16) 21... f6 22. e6 Nf5 23. g4 Nd6 24. Qd4 $16
) 20. Ke3 Nc5 21. Qd4 Qxd4+ 22. Nxd4 {'+/-' Krasenkow,M. Krasenkow,M: 'White
has achieved a very favourable version of this endgame, with his king on the
best available square.'} b6 23. Bd1 $1 {In my opinion this is the best of 3
alternatives. Krasenkow,M: 'Evading the exchange. f3 is the perfect square for
this bishop.'} (23. Bc4 $6 {After this natural move whites initiative
evaporates.} Bb7 24. Nb3 Rac8 25. Rhd1 Rfd8 26. Nxc5 Rxc5 27. d6 exd6 28. Rxd6
Rdc8 29. Rd7 R8c7 $11) (23. Nc6 $5 e6 24. d6 Bb7 25. Nd4 Bxg2 26. Rhg1 Bb7 27.
f5 exf5 28. Nxf5+ Kh8 29. Ne7 $44) 23... Bb7 24. Bf3 Rad8 25. Rhd1 $16 {
White is clearly better due to his expanded center.} Rd7 26. Rd2 {There is no
need to rush the things up. Krasenkow,M: 'White doesn't hurry.'} (26. e6 fxe6 (
26... Rdd8 $2 27. exf7 Kxf7 28. Ne6) (26... Rd6 27. Nb5 Rdd8 28. exf7 Kxf7 29.
Rb1 $5 {[%cal Rb5a7] was quite strong, too.}) 27. Rxc5 bxc5 28. Nxe6+ Kf7 29.
Nxc5 Rc7 30. Ne6 Rc3+ 31. Kd2 Rxf3 32. gxf3 Rc8 $44) 26... h5 27. g3 {Still
keeping the options open.} (27. e6 $6 fxe6 28. Rxc5 bxc5 29. Nxe6+ Kf7 30. Nxc5
Rc7 31. Ne6 Rc3+ 32. Kd4 Rfc8 33. Nd8+ Kf6 $17) 27... Kg8 $2 (27... Rfd8 28.
Rcd1 $16) 28. Ne2 $2 {A good example of double oversight.} (28. e6 $1 Rdd8 (
28... fxe6 29. dxe6) 29. exf7+ Kxf7 30. Ne6 $1 $18) 28... f6 $6 {This rather
hastens black's end. Krasenkow,M: 'A desperate attempt to gain some space.'} (
28... Rc8 29. g4 Rcd8 30. Nc3 hxg4 31. Bxg4 e6 32. d6 Kg7 33. Nb5) (28... Rfd8
29. Nc3 Kf8 30. h3) 29. e6 Rd6 $6 {Hard to judge what is better.} (29... Nxe6
30. dxe6 Rxd2 31. Bxb7 $1 Rfd8 $8 (31... Rxa2 32. Rc7 Ra3+ 33. Kf2 a5 34. Rxe7
$18) 32. Rc7 Kf8 33. f5 (33. Be4 f5 34. Bc2 b5) 33... R8d3+ 34. Kf2 g5 (34...
gxf5 35. Bf3) 35. a4 Rd4 36. Rc8+ Rd8 37. Rxd8+ Rxd8 38. Ke3 $18) 30. f5 $1 $18
{Black's position collapses after this shot. Krasenkow,M: 'Opening a second
front on the kingside.'} Rfd8 ({After} 30... g5 {White's pawn wedge on e6
brings him a decisive advantage:} 31. Nd4 {[%cal Rd4b5]} (31. Bxh5 Rxd5) 31...
g4 32. Bh1 a6 33. Nc6 Bxc6 (33... Re8 34. Na5 $1 bxa5 35. Rxc5 $18) 34. dxc6
Rxd2 35. Kxd2 Rd8+ (35... Rc8 36. Ke3 Kf8 37. Rd1 Ke8 38. Rd7 $1) 36. Ke3 Kf8
37. Rd1 $1 Rc8 38. Rd7 $1 $18) 31. Nf4 gxf5 (31... g5 32. Ng6 Re8 33. Rcd1 $18)
32. Ng6 Re8 33. Nh4 $1 Nxe6 (33... Ne4 34. Nxf5 Nxd2 35. Nxd6 Nxf3 36. Nxe8
Bxd5 37. Nxf6+ $18) (33... Rdd8 34. Nxf5 $18) 34. dxe6 Rxe6+ 35. Kf2 {All the
roads lead to Rome.} (35. Kf4 Bxf3 36. Nxf3) 35... Bxf3 36. Kxf3 Re5 37. Kf4
Re4+ {Trying to set a pseudo mating net around whites king.} (37... e6 38. Rc7
Ra5 39. Ng6 $18) 38. Kxf5 Rg4 39. Rc7 Kf7 40. Re2 $1 a5 41. Re4 Rxe4 42. Kxe4 {
Now to convert the advantage of extra piece is very trivial.} Rd8 43. Nf5 Rd2
44. Rxe7+ Kf8 45. Rb7 Re2+ 46. Kf3 Rxh2 47. Rxb6 Kf7 (47... Rxa2 48. Rxf6+ Ke8
49. Rh6) 48. a3 Rc2 49. Rb7+ Kg6 50. Ne7+ Kh6 51. Rb3 Rc5 52. Rd3 Re5 53. Nd5
Rg5 54. Rd4 (54. a4 Re5 55. Nf4) 54... Kg7 55. a4 Kf7 56. Nf4 Rc5 57. Rd7+ Ke8
58. Rd5 Rc3+ 59. Ke4 1-0

[Event "SLO-chT2"]
[Site "Skofja Loka"]
[Date "1998.11.27"]
[Round "1"]
[White "Orel, Oskar"]
[Black "Atalik, Suat"]
[Result "0-1"]
[WhiteElo "2300"]
[BlackElo "2585"]
[Annotator "Atalik,S"]
[PlyCount "82"]
[EventDate "1998.11.27"]
[EventType "team"]
[EventRounds "7"]
[EventCountry "SLO"]
[SourceTitle "EXT 2002"]
[Source "ChessBase"]
[SourceDate "2001.11.25"]
[SourceVersion "1"]
[SourceVersionDate "2001.11.25"]
[SourceQuality "1"]

1. d4 Nf6 2. c4 g6 3. Nc3 d5 4. cxd5 Nxd5 5. e4 Nxc3 6. bxc3 Bg7 7. Bc4 O-O 8.
Ne2 Nc6 9. O-O b6 10. Be3 Bb7 11. Qd2 Qd6 $5 12. Bh6 (12. Rad1 Na5 13. Bd3 c5
14. d5 c4 $5 15. Bc2 e6 16. dxe6 Qxe6 17. Nd4 Qe7 $13) 12... Na5 13. Bd3 c5 14.
Bxg7 Kxg7 15. e5 $5 Qc6 16. Qg5 f6 17. Qg3 Rad8 18. exf6+ Rxf6 (18... exf6 19.
Nf4 $40) 19. Rad1 cxd4 20. cxd4 Qd6 21. f4 Nc6 22. Bc4 Qb4 23. Qb3 $6 (23. Qd3
$142 $14) 23... Qxb3 24. axb3 a6 $1 25. f5 $5 Rxf5 26. Nf4 Bc8 27. d5 Nb4 28.
Rde1 Kf8 $1 (28... b5 29. Rxe7+ Kf6 30. Rxh7 bxc4 31. g4 cxb3 32. gxf5 Bxf5 33.
Rb7 a5 34. Rf2 $132) 29. Re4 g5 30. Ne6+ Bxe6 31. dxe6 Rxf1+ 32. Kxf1 Kg7 33.
h4 h6 34. Ke2 $2 (34. hxg5 hxg5 35. Bb5 Rf8+ 36. Kg1 Rf4 $19) 34... b5 $19 35.
Bxb5 Nd5 36. Bxa6 Nc3+ 37. Ke3 Nxe4 38. Kxe4 gxh4 39. b4 Rd2 40. Kf3 Rb2 41.
Kg4 (41. b5 h5 $22) 41... Rxb4+ 0-1

[Event "AUT-chT 9697"]
[Site "Austria"]
[Date "1996.??.??"]
[Round "7"]
[White "Lukacs, Peter"]
[Black "Ftacnik, Lubomir"]
[Result "1/2-1/2"]
[WhiteElo "2470"]
[BlackElo "2595"]
[Annotator "Balinov,I"]
[PlyCount "59"]
[EventDate "1996.??.??"]
[EventType "team"]
[EventRounds "11"]
[EventCountry "AUT"]
[SourceTitle "CBM 057 Extra"]
[Source "ChessBase"]
[SourceDate "1997.05.01"]
[SourceVersion "1"]
[SourceVersionDate "1997.05.01"]
[SourceQuality "1"]

1. d4 Nf6 2. c4 g6 3. Nc3 d5 4. cxd5 Nxd5 5. e4 Nxc3 6. bxc3 Bg7 7. Bc4 Nc6 (
7... c5) 8. Ne2 O-O 9. Bd3 (9. O-O) 9... b6 10. O-O e5 11. Ba3 (11. Bb5 $5)
11... Re8 12. d5 (12. Bb5 $1 Bd7 13. d5 (13. Qd3 $5) 13... Na5 14. Bxd7 Qxd7
15. Qd3) 12... Na5 13. c4 c5 14. Bb2 Nb7 15. Qd2 (15. f4 Qe7) 15... Nd6 16. Ng3
Qh4 17. Qe2 Bd7 18. Bc3 f5 19. Rfe1 f4 20. Nf1 g5 21. f3 h5 22. g3 Qh3 23. gxf4
gxf4 24. Nd2 Kf7 25. Kh1 Bf6 26. Rg1 Rg8 27. Rxg8 Rxg8 28. Rg1 Rxg1+ 29. Kxg1
Ke7 30. Qg2 1/2-1/2

[Event "URS-ch44 Final"]
[Site "Moscow"]
[Date "1976.11.29"]
[Round "3"]
[White "Balashov, Yuri S"]
[Black "Gulko, Boris F"]
[Result "1-0"]
[WhiteElo "2545"]
[BlackElo "2530"]
[Annotator "Belov,I"]
[PlyCount "71"]
[EventDate "1976.11.27"]
[EventType "tourn"]
[EventRounds "17"]
[EventCountry "URS"]
[EventCategory "12"]
[SourceTitle "URS-ch"]
[Source "ChessBase"]
[SourceDate "1999.07.01"]
[SourceVersion "1"]
[SourceVersionDate "1999.07.01"]
[SourceQuality "1"]

1. d4 Nf6 2. c4 g6 3. Nc3 d5 4. cxd5 Nxd5 5. e4 Nxc3 6. bxc3 Bg7 7. Bc4 O-O 8.
Ne2 Qd7 (8... c5) (8... Nc6) 9. O-O b6 10. e5 $5 (10. Be3 Bb7 11. f3 Nc6 12.
Bb5 e6 13. Rc1 Rad8 14. Bg5 $14 {Hort,V-Gulko,B/Polanica Zdroj/1977/1:0 (42)/})
10... Bb7 (10... Ba6 11. Bb3 Nc6 12. Re1 Kh8 13. e6 fxe6 14. Nf4 e5 15. Nxg6+
hxg6 16. Re3 e6 17. Qg4 Rae8 18. Qxg6 $14 {Moehring,G-Pribyl,J/Hradec Kralove/
1978/0,5 (85)/}) 11. Nf4 e6 12. Qg4 c5 13. Be3 (13. Nxe6 $2 Re8 $19) 13... Nc6
14. Rad1 cxd4 15. cxd4 Rfd8 $6 (15... Nb4 $5 16. h4 Rac8 17. Bb3 Nd5 18. h5
Nxf4 19. Bxf4 gxh5 20. Qxh5 Be4 $14) 16. h4 Rac8 17. h5 Nb4 18. Bb3 Be4 $6 (
18... Bd5 $142 19. Nxd5 Nxd5 20. Bg5 Re8 21. hxg6 fxg6 $1 $14 {Kotenko-Nesis,G/
corr/1978/0:1 (36)/}) 19. h6 $1 Bf5 20. Qg3 $16 Bh8 (20... Bxh6 21. Nh5 Bg7 $8
22. Nxg7 Kxg7 23. Qh4 $18) (20... Bf8 21. Nh5 Kh8 22. Bg5 $16) 21. Nh5 Kf8 22.
Nf4 Bc2 $6 (22... Nd5 $142 23. Nxd5 exd5 24. Bg5 Re8 25. Qh4 Re6 26. Rc1 $16)
23. Bd2 $1 a5 24. Bxb4+ axb4 25. Bxc2 Rxc2 26. Qb3 Qc7 27. Qxb4+ $18 Kg8 28. a4
Rc4 29. Qb5 Kf8 30. Ne2 Rd5 31. Qb3 Ke8 32. Rb1 Rd8 33. Rfd1 Rc2 34. Rbc1 Rc8
35. Rxc2 Qxc2 36. Qb5+ (36. Qb5+ Qc6 $8 37. Rc1 $1 Qxb5 38. Rxc8+ Kd7 39. axb5
Kxc8 40. f4 $18 {>< Bh8/}) 1-0

[Event "Interzonal-15"]
[Site "Manila"]
[Date "1990.??.??"]
[Round "9"]
[White "Torre, Eugenio"]
[Black "Gulko, Boris F"]
[Result "1/2-1/2"]
[WhiteElo "2530"]
[BlackElo "2600"]
[Annotator "ChessBase"]
[PlyCount "129"]
[EventDate "1990.06.29"]
[EventType "swiss"]
[EventRounds "13"]
[EventCountry "PHI"]
[SourceTitle "CBM 019"]
[Source "ChessBase"]
[SourceDate "1990.12.01"]
[SourceVersion "1"]
[SourceVersionDate "1990.12.01"]
[SourceQuality "1"]

1. d4 Nf6 2. c4 g6 3. Nc3 d5 4. cxd5 Nxd5 5. e4 Nxc3 6. bxc3 Bg7 7. Bc4 O-O 8.
Be3 b6 9. Nf3 Bb7 10. Qc2 $14 Nc6 11. O-O Na5 12. Be2 c5 13. dxc5 Qc7 14. Rab1
bxc5 15. Rb5 Bc6 16. Rxc5 Nb7 17. Rg5 e5 (17... Bh6 $142 $13 {Torre,E}) 18. Nd2
Rfd8 19. Rg3 Bf8 20. h4 Rac8 21. h5 Be8 22. Bg4 Ra8 23. Rb1 Nc5 24. Be2 Ba4 25.
Nb3 Ne6 26. hxg6 hxg6 27. Qc1 Rac8 28. Bg4 Rd6 29. Bh6 Be7 30. Bxe6 Rxe6 31.
Rh3 Rc6 32. Bg5 Bf8 33. Bd2 Rc4 34. Qe1 Bd7 35. Rh2 Be6 36. f3 Be7 37. Kh1 Ra4
38. Nc1 Rd8 39. g4 Bf6 40. Rb2 Ra6 41. Qf1 Rad6 42. Qh3 Qc4 43. Ne2 Rb6 44.
Rxb6 axb6 45. Ng1 Kf8 46. Qh6+ Bg7 47. Qh4 Rd3 48. Bh6 Bxh6 49. Qxh6+ Ke8 50.
Qh8+ Kd7 51. Qxe5 Qxc3 52. Qb5+ Kc7 53. Rb2 Rd6 54. Qe2 Kb7 55. Rc2 Qa3 56. Kg2
Rc6 57. Rd2 Rc1 58. Nh3 Qc5 59. Qf2 Ra1 60. Qxc5 bxc5 61. Kf2 Kc6 62. Nf4 Bxa2
63. Rd8 Bc4 64. Rc8+ Kd6 65. e5+ 1/2-1/2

[Event "ESP-chTa"]
[Site "Spain"]
[Date "1995.??.??"]
[Round "3"]
[White "Illescas Cordoba, Miguel"]
[Black "Sion Castro, Marcelino"]
[Result "1-0"]
[WhiteElo "2620"]
[BlackElo "2375"]
[Annotator "ChessBase"]
[PlyCount "69"]
[EventDate "1995.??.??"]
[EventType "team"]
[EventRounds "9"]
[EventCountry "ESP"]
[SourceTitle "EXT 2000"]
[Source "ChessBase"]
[SourceDate "1999.11.16"]
[SourceVersion "1"]
[SourceVersionDate "1999.11.16"]
[SourceQuality "1"]

1. d4 Nf6 2. c4 g6 3. Nc3 d5 4. cxd5 Nxd5 5. e4 Nxc3 6. bxc3 Bg7 7. Bc4 O-O 8.
Ne2 Nc6 9. O-O e5 10. Ba3 Re8 11. Bxf7+ Kxf7 12. Qb3+ Be6 13. d5 Na5 14. dxe6+
Rxe6 15. Qa4 c6 16. Rad1 Qc7 17. c4 b6 18. Rd3 (18. Nc1 a6 19. Nb3 Nb7) 18...
Rd8 19. Rfd1 Rxd3 20. Rxd3 a6 21. Nc3 (21. Qd1 Ke8) 21... Bf6 (21... b5 22.
cxb5 axb5 23. Qd1) (21... Bf8 22. Qd1) 22. Bb4 Nxc4 (22... Be7 $5 23. Bxa5 bxa5
24. Qd1 Qb6 (24... Rd6 25. Na4)) 23. Qxa6 b5 24. g3 Be7 25. Bxe7 Kxe7 26. a4
Nb2 27. Rd2 Nxa4 28. Nxa4 bxa4 29. Qxa4 Rd6 30. Rb2 Kf6 31. Kg2 Kg7 $2 (31...
c5) 32. Qa8 Qe7 33. Qc8 Qd8 34. Rb7+ Kf6 35. Qg4 {[#]} 1-0

[Event "URS-sf Ukraine-ch"]
[Site "Kherson"]
[Date "1989.??.??"]
[Round "?"]
[White "Shneider, Aleksandr"]
[Black "Huzman, Alexander"]
[Result "1/2-1/2"]
[WhiteElo "2495"]
[BlackElo "2475"]
[Annotator "Ftacnik,L"]
[PlyCount "83"]
[EventDate "1989.11.??"]
[EventType "tourn"]
[EventRounds "15"]
[EventCountry "URS"]
[EventCategory "7"]
[SourceTitle "CBM 016"]
[Source "ChessBase"]
[SourceDate "1990.06.01"]
[SourceVersion "1"]
[SourceVersionDate "1990.06.01"]
[SourceQuality "1"]

1. d4 Nf6 2. c4 g6 3. Nc3 d5 4. cxd5 Nxd5 5. e4 Nxc3 6. bxc3 Bg7 7. Bc4 c5 8.
Ne2 Nc6 9. Be3 cxd4 10. cxd4 Qa5+ 11. Bd2 Qd8 12. d5 (12. Bc3 {N} Bg4 13. f3
Bd7 14. Qd2 O-O 15. h4 Qc7 16. Rc1 Rfd8 17. Bb3 Qb6 18. h5 $16 {Lukacs,L-van
Mil/Lillafuhred/1989/1-0/}) 12... Ne5 13. Bc3 {N} (13. Bb5+ Bd7 14. Bxd7+ Qxd7
15. Bc3 {N} Qg4 16. O-O Qxe4 17. Ng3 Qf4 18. Re1 Nf3+ 19. Qxf3 Qxf3 20. Bxg7
Qxd5 21. Bxh8 $13 {Veingold,A-Dvojris,S/Budapest/1989/1/4-1/4/37/}) 13... O-O
14. Bb3 Qb6 15. O-O Bg4 16. h3 Bxe2 17. Qxe2 Rfc8 18. Rac1 a5 19. Bd2 $14 h5
20. Kh1 Rxc1 21. Rxc1 a4 22. Bd1 Nd7 23. Rc4 Qb1 24. Bb4 Kf8 25. Qc2 Qxc2 26.
Rxc2 Be5 27. Be2 Bd6 28. Bd2 b6 29. Rc6 Nc5 30. f3 Rb8 31. Bc3 Nd7 32. Bd4 b5
33. Bxb5 f6 34. Rxd6 $5 (34. Bf1 Rb1 35. Kg1 Bg3) 34... exd6 35. Bxd7 Ke7 36.
Be6 (36. Bxa4 Rb4) 36... a3 37. Bc3 Rb2 38. f4 Rxa2 39. e5 fxe5 40. fxe5 Rb2
41. exd6+ Kxd6 42. Bf7 {Ftacnik} 1/2-1/2

[Event "URS-sf Russia-ch"]
[Site "Gorky"]
[Date "1989.??.??"]
[Round "?"]
[White "Dreev, Alexey"]
[Black "Dvoirys, Semen I"]
[Result "0-1"]
[WhiteElo "2570"]
[BlackElo "2520"]
[Annotator "Ftacnik,L"]
[PlyCount "71"]
[EventDate "1989.11.??"]
[EventType "tourn"]
[EventRounds "13"]
[EventCountry "URS"]
[EventCategory "7"]
[SourceTitle "CBM 016"]
[Source "ChessBase"]
[SourceDate "1990.06.01"]
[SourceVersion "1"]
[SourceVersionDate "1990.06.01"]
[SourceQuality "1"]

1. d4 Nf6 2. c4 g6 3. Nc3 d5 4. cxd5 Nxd5 5. e4 Nxc3 6. bxc3 Bg7 7. Bc4 c5 8.
Ne2 Nc6 9. Be3 cxd4 10. cxd4 O-O 11. Rb1 Qa5+ {N} (11... b6 12. h4 Bb7 13. h5
Rc8 14. hxg6 hxg6 15. Qd3 Na5 16. Bb5 Qc7 17. Rb2 $16 {Zueger,B-Groszpeter,A/
Munich/1989/1-0/48/ -> CBM 13}) 12. Kf1 b6 13. a4 (13. Qd3 $5) 13... Ba6 14.
Bb5 Bxb5 15. axb5 $2 (15. Rxb5 Qa6 16. f3) 15... Nxd4 $1 16. Nxd4 Rad8 17. Bd2
(17. Ra1 Qb4 18. Rb1 Qd6) 17... Qa2 18. Nb3 (18. Nf3 Bc3 19. Bxc3 Rxd1+ 20.
Rxd1 Qc4+) 18... Bc3 19. g3 Bxd2 20. Kg2 Be3 21. Qf1 Qc2 22. Qe1 Rd3 23. Rf1
Rfd8 (23... Rxb3 $5 24. Rxb3 Qxb3 25. Qxe3 Qxb5 $19) 24. Qb4 Bg5 25. e5 e6 26.
Rfe1 h5 27. Qe4 Qa2 28. Qe2 Qa4 29. Nc1 Rc3 30. h4 Bh6 31. Kg1 Rd2 32. Qf1 Qg4
33. Ne2 Rcc2 34. f3 Be3+ 35. Kg2 Qc4 36. Kh3 {Ftacnik} 0-1

[Event "Interpolis-03"]
[Site "Tilburg"]
[Date "1979.11.03"]
[Round "3"]
[White "Spassky, Boris Vasilievich"]
[Black "Huebner, Robert"]
[Result "1-0"]
[WhiteElo "2640"]
[BlackElo "2595"]
[Annotator "Ftacnik,L"]
[PlyCount "59"]
[EventDate "1979.11.01"]
[EventType "tourn"]
[EventRounds "11"]
[EventCountry "NED"]
[EventCategory "15"]
[SourceTitle "MCL"]
[Source "ChessBase"]
[SourceDate "1999.07.01"]
[SourceVersion "1"]
[SourceVersionDate "1999.07.01"]
[SourceQuality "1"]

1. d4 Nf6 2. c4 g6 3. Nc3 d5 4. cxd5 Nxd5 5. e4 Nxc3 6. bxc3 Bg7 7. Bc4 O-O 8.
Ne2 Nc6 9. O-O (9. h4 Na5 10. Bd3 c5 11. Be3 cxd4 12. cxd4 Nc6 13. e5 Qa5+ 14.
Kf1 Rd8 15. h5 e6 16. hxg6 hxg6 $132 {Spassky-Sajtar/Bukarest/1953}) 9... b6 (
9... e5 10. Ba3 {[#]3} (10. d5 Na5 11. Bb3 (11. Bd3 c6 12. c4 b5 13. cxb5 cxd5
14. Ba3 Re8 15. Nc3 Bb7 16. Bb4 Nc4 17. Qe2 Nb6 $6 (17... Nd6 $142 $5 18. Rfd1
d4 19. Na4 $14 {Rashkowsky}) 18. a4 f5 19. Rad1 $16 {Rashkowsky-Ermolinsky/
UdSSR/1985}) 11... b6 (11... c5 $5 12. c4 b6 13. Nc3 f5 14. Qe2 f4 15. f3 g5
16. Bd2 h5 $40 {Butnorius-Tshechkowsky/Krasnodar/1980}) 12. c4 Qe7 13. Be3 Nb7
14. Ba4 Nc5 15. Bc6 Rb8 16. Nc3 f5 17. f3 fxe4 18. Nxe4 Nxe4 19. fxe4 Rxf1+ 20.
Qxf1 Ba6 21. Bb5 Rf8 $10 {Arachamia-Akopjan/Moskau/1989}) (10. Be3 Qe7 (10...
exd4 11. cxd4 Na5 12. Bd3 c5 13. dxc5 $1 Bxa1 14. Qxa1 Qxd3 15. Bh6 f6 16. Bxf8
$16 {Ftacnik}) 11. f3 Rd8 12. d5 Na5 13. Bd3 b6 14. c4 Nb7 15. Nc1 Bd7 16. Nb3
Ba4 17. Bc2 Bxb3 18. axb3 a5 19. Qe2 Re8 $10 {Dochoyan-Akopian/Erewan/1988})
10... Re8 11. Bxf7+ $5 (11. d5 Na5 12. Bd3 b6 (12... c6 13. c4 b5 $5 {Vaganian}
) 13. Bb4 Nb7 14. Bb5 Bd7 15. c4 Bf8 16. Bxf8 Rxf8 17. f4 Bxb5 18. cxb5 Nc5 19.
Nc3 exf4 20. e5 Qg5 21. Qd4 Rae8 22. Rae1 Nd7 23. Ne4 Qxe5 24. Qxe5 Nxe5 25.
Nf6+ Kg7 26. Nxe8+ Rxe8 27. Re4 g5 28. Ra4 Rd8 29. Rd1 Ng4 30. Rxa7 Ne3 31. Rd3
(31. Rc1 Rxd5 32. Rcxc7 Rd2) 31... Rxd5 32. Rxd5 Nxd5 33. Ra4 Kf6 $15 {
Rasuvaev-Smejkal/Bundesliga/1991}) 11... Kxf7 12. Qb3+ Be6 $1 (12... Kf6 $6 13.
f4 $40) 13. d5 Na5 14. dxe6+ Rxe6 15. Qa4 c6 16. Rad1 Qc7 17. Rd3 $5 {[#]4} (
17. f4 b5 $1 18. Qc2 Nc4 19. f5 Rf6 20. Bc5 Bf8 $1 21. Bf2 Kg8 $13 {
Ftacnik-Vaganian/Moskau/1985}) 17... Kg8 $14 (17... b5 18. Qd1 Kg8 19. Rd7 Qb6
$16 {Vaganian}) (17... Ree8 18. Rfd1 Rad8 19. Bd6 Qb6 20. c4 $16 {Vaganian})
18. c4 Bf8 19. Rfd1 Rf6 20. f3 Bxa3 21. Rxa3 b6 22. Qb4 Rd8 23. Rad3 Rff8 24.
Nc1 c5 25. Qb5 Nc6 26. Rxd8 Rxd8 27. Rxd8+ Nxd8 28. Qe8+ $14 {Volke-Tukmakow/
Groningen/1990}) 10. Be3 Bb7 (10... Na5 11. Bd3 c5 12. f4 cxd4 13. cxd4 f5 14.
Qe1 e6 15. Rd1 Bb7 16. Bb1 Nc4 $15 {Holm-Pribyl/1974/}) 11. f4 e6 $6 (11... Na5
12. Bd3 c5 (12... f5)) (11... Na5 12. Bd3 f5 (12... c5 13. dxc5 bxc5 14. Bxc5
Qc7 15. Bd4 e5 $132 {Botvinnik}) 13. exf5 Qd5 14. Rf3 gxf5 $132 {
Holdarson-Stean/Graz/1972}) 12. f5 $1 $14 Na5 13. Bd3 exf5 14. exf5 Re8 (14...
Qd5 15. Nf4) 15. Qd2 Be4 $6 (15... Qd5 $142 16. Nf4 (16. Rf2 $5) 16... Qc6 17.
Rae1 Nc4 18. Bxc4 Qxc4 $132) 16. Bg5 $1 f6 (16... Qd7) 17. Bxe4 Rxe4 18. Qd3 $1
Qd5 $6 (18... Rxe2 19. Qxe2 fxg5 20. Qe6+ Kh8 21. f6 Bf8 22. Rae1 Bd6 23. f7 $1
$18) (18... Qe8 19. Ng3 Re7 20. Bd2 $16) 19. Bd2 g5 (19... Rae8 $2 20. Ng3 Rg4
21. h3 $18) 20. Ng3 Rh4 (20... Re7 21. Bxg5 $1 $18) (20... Ree8 21. Nh5 $16 (
21. Bxg5)) 21. Rae1 Rf8 22. Ne4 Nc4 23. Bc1 c5 24. Qf3 $1 {/\25.Sf6, 25.Sg5}
Kh8 (24... Rd8 25. Bxg5 $1 $18) 25. Nxg5 $1 Qd6 26. g3 fxg5 27. gxh4 g4 28.
Qxg4 Bxd4+ $2 (28... cxd4 29. cxd4 Bxd4+ 30. Kh1 Rg8 $16) 29. cxd4 $18 Rg8 30.
Bg5 1-0

[Event "Interzonal-14b"]
[Site "Szirak"]
[Date "1987.??.??"]
[Round "9"]
[White "Beliavsky, Alexander G"]
[Black "Milos, Gilberto"]
[Result "1-0"]
[WhiteElo "2630"]
[BlackElo "2495"]
[Annotator "Ftacnik,L"]
[PlyCount "113"]
[EventDate "1987.07.??"]
[EventType "tourn"]
[EventRounds "17"]
[EventCountry "HUN"]
[EventCategory "12"]
[SourceTitle "CBM 003"]
[Source "ChessBase"]
[SourceDate "1988.04.01"]
[SourceVersion "1"]
[SourceVersionDate "1988.04.01"]
[SourceQuality "1"]

1. d4 Nf6 2. c4 g6 3. Nc3 d5 4. cxd5 Nxd5 5. e4 Nxc3 6. bxc3 Bg7 7. Bc4 O-O 8.
Ne2 Nc6 9. Bg5 $6 (9. Bd3) (9. Be3) 9... Qd7 10. Qd2 e5 $5 (10... Na5) 11. Rd1
Qg4 $6 (11... exd4 $142 12. cxd4 Qg4 $36) 12. O-O Qxe4 (12... exd4 13. f3 {/\}
dxc3 $2 14. Qe3 Qh5 15. Ng3 $18) 13. Ng3 Qg4 14. h3 Qd7 15. Bh6 Qd8 $6 (15...
exd4 16. Nh5 Bxh6 17. Qxh6 gxh5 18. Qg5+ $10) 16. Rfe1 exd4 17. cxd4 $6 (17.
Bxg7 Kxg7 18. cxd4 Re8 19. d5 Ne5 20. Bb5 Bd7 21. Bxd7 Nxd7 (21... Qxd7 $2 22.
Qg5 Nc4 23. Nh5+ $18) 22. Rxe8 Qxe8 23. Qb2+ Qe5 24. Qxb7 $16) 17... Qxd4 18.
Qxd4 Bxd4 19. Bxf8 Kxf8 20. Bd5 $6 (20. Ne4 $1 {/\ Bd5, Ng5+/-}) 20... Bf6 $13
21. Re3 (21. Bxc6 bxc6 {/\ Be6}) 21... Nd8 22. Rde1 Be6 23. Rd1 Bc8 24. Ne4 Be7
25. Kh2 Ne6 26. g3 a5 27. a4 $2 (27. Rb1 $10) 27... Ra6 28. Rb1 Bb4 $17 29. Nf6
h6 30. Bg2 Rd6 31. Nd5 Bc5 32. Re2 b6 33. f4 Bd7 (33... Ba6 $142 34. Reb2 Bc4
$19) 34. Ra2 Bd4 35. Rc1 Nc5 $2 (35... c6 36. Nc3 Nc5 37. Rd1 Be6 38. Rad2 Nb3
$17) 36. Rc4 Bg7 37. Nxc7 $16 Rd4 38. Rxd4 Bxd4 39. Na8 Be6 40. Rd2 Nb3 41. Rd1
Bc5 42. Bd5 Bxd5 43. Rxd5 Nd4 44. Rd8+ $2 (44. Rd7 $1 {/\ Rb7+/-}) 44... Ke7
45. Rd5 (45. Rb8 Kd6 46. Rb7 (46. Nxb6 $2 Kc7 $19) 46... b5 $132) 45... h5 46.
Kg2 Nc2 47. Kf3 Nd4+ 48. Ke4 Ne6 49. g4 hxg4 50. hxg4 Bg1 51. Rd1 Bc5 52. Rb1
Bb4 53. Nxb6 $18 Nc5+ 54. Kd5 Nd3 55. Rf1 f5 56. gxf5 gxf5 57. Kc4 1-0